| 000 | 00333nam a22001337a 4500 | ||
|---|---|---|---|
| 999 |
_c9072 _d9072 |
||
| 003 | OSt | ||
| 008 | 200715b ||||| |||| 00| 0 eng d | ||
| 100 | _aRastogi , Sameer | ||
| 245 | _aPharmaceutical Jurisprudence | ||
| 260 |
_aNew Delhi _bMackhingee _c2018 |
||
| 300 | _a148 | ||
| 650 | _aPharmaceutical Jurisprudence | ||
| 942 |
_2ddc _cBK |
||